| 000 | 00465nam a2200169 a 4500 | ||
|---|---|---|---|
| 001 | 424070 | ||
| 005 | 20240216043626.0 | ||
| 008 | 800919s1980 ii b 001 0 eng | ||
| 020 | _a0195626214 | ||
| 040 |
_aDLC _cDLC |
||
| 082 | 0 | 0 |
_a320.019. _220 _bASH. |
| 100 | 1 | _aNandy, Ashis. | |
| 245 | 1 | 0 |
_aAt the edge of psychology : _bessays in politics and culture / _cAshis Nandy. |
| 260 |
_aDelhi : _bOxford University Press, _c1980. |
||
| 300 | _aix, 133 p. ; | ||
| 942 | _cL | ||
| 999 |
_c414 _d414 |
||